[Event "JUG-ch"]
[Site "Belgrade"]
[Date "1999.??.??"]
[Round "5"]
[White "Ilincic, Zlatko"]
[Black "Markovic, Miroslav"]
[Result "0-1"]
[WhiteElo "2575"]
[BlackElo "2587"]
[PlyCount "60"]
[EventDate "1999.03.??"]
[Source "www.chesslib.no"]
[SourceDate "2004.05.04"]

1. d4 Nf6 2. c4 g6 3. g3 Bg7 4. Bg2 O-O 5. Nc3 d6 6. Nf3 Nc6 7. O-O Bg4 8. h3 Bxf3 9. Bxf3 Nd7 10. e3 e5 11. d5 Ne7 12. e4 f5 13. Bg2 Nf6 14. exf5 gxf5 15. f4 Nd7 16. Kh2 Ng6 17. Be3 exf4 18. gxf4 Qh4 19. Qd2 Nf6 20. Kg1 a6 21. Ne2 Rae8 22. Rae1 Ne4 23. Bxe4 Rxe4 24. Kh2 Bh6 25. b3 Rf7 26. Rf3 Rxe3 27. Rxe3 Qf2+ 28. Kh1 Bxf4 29. Re8+ Rf8 30. Rxf8+ Kxf8 0-1

[Event "56th ch-RUS"]
[Site "Krasnoyarsk"]
[Date "2003.09.06"]
[Round "4"]
[White "Tregubov, Pavel V"]
[Black "Kurnosov, Igor"]
[Result "1-0"]
[WhiteElo "2635"]
[BlackElo "2527"]
[PlyCount "59"]
[EventDate "2003.09.03"]
[Source "Roberto Alvarez"]
[SourceDate "2003.09.15"]

1. d4 Nf6 2. c4 g6 3. g3 Bg7 4. Bg2 O-O 5. Nc3 d6 6. Nf3 Nc6 7. O-O Bf5 8. Ne1 Na5 9. e4 Bg4 10. f3 Bd7 11. Qe2 Nc6 12. Nc2 e5 13. dxe5 Nxe5 14. b3 a6 15. Bb2 c5 16. Rad1 Qb8 17. Ne3 b5 18. f4 Nc6 19. e5 Ne8 20. Ne4 Ra7 21. Nxd6 Nxd6 22. Rxd6 Ne7 23. g4 bxc4 24. bxc4 Nc8 25. Rd2 Nb6 26. Bc3 Qc8 27. Rd6 Na4 28. Ba1 Re8 29. Qc2 Bf8 30. Rxd7 1-0

[Event "St Petersburg-ch"]
[Site "St Petersburg"]
[Date "1998.04.18"]
[Round "11"]
[White "Loginov, Valery A"]
[Black "Khalifman, Alexander"]
[Result "1/2-1/2"]
[WhiteElo "2500"]
[BlackElo "2660"]
[PlyCount "57"]
[EventDate "1998.04.07"]
[Source "ChessBase"]
[SourceDate "1998.08.06"]

1. Nf3 Nf6 2. g3 g6 3. c4 Bg7 4. Bg2 O-O 5. O-O d6 6. d4 Nc6 7. Nc3 Bf5 8. Ne1 Qc8 9. e4 Bh3 10. Nc2 Bxg2 11. Kxg2 Na5 12. b3 c5 13. d5 a6 14. Bd2 b5 15. Qe2 e6 16. Rae1 Qb7 17. Nd1 Qb6 18. Qd3 exd5 19. exd5 Nd7 20. f4 Rae8 21. Nf2 Nb7 22. g4 Rxe1 23. Rxe1 bxc4 24. bxc4 Qb2 25. Qb3 Qxb3 26. axb3 Ra8 27. Nd3 Kf8 28. Kf3 Re8 29. Rxe8+ 1/2-1/2

[Event "Luzern 71/577"]
[Site "?"]
[Date "1997.??.??"]
[Round "?"]
[White "Akopian, Vladimir"]
[Black "Kotsur, Pavel"]
[Result "1-0"]
[WhiteElo "2660"]
[BlackElo "2500"]
[PlyCount "117"]
[EventDate "1997.??.??"]
[Source "ChessBase"]
[SourceDate "1997.10.01"]

1. d4 Nf6 2. c4 g6 3. g3 Bg7 4. Bg2 O-O 5. Nc3 d6 6. Nf3 Nc6 7. O-O e5 8. d5 Ne7 9. e4 Ne8 10. Ne1 f5 11. Nd3 Nf6 12. Bg5 fxe4 13. Nxe4 Nf5 14. g4 Ne7 15. Bxf6 Bxf6 16. f4 exf4 17. Nxf6+ Rxf6 18. Nxf4 Qf8 19. Qd4 Qg7 20. Rf2 Rf7 21. Qxg7+ Rxg7 22. h3 Bd7 23. Ne6 Bxe6 24. dxe6 Nc6 25. c5 Rd8 26. cxd6 cxd6 27. Rd1 Rc7 28. g5 Kg7 29. a3 Re7 30. Re2 Ree8 31. Bd5 Ne5 32. Rc2 Re7 33. Rdc1 Nd3 34. Rf1 Rf8 35. Rxf8 Kxf8 36. b4 Kg7 37. Rc4 h6 38. gxh6+ Kxh6 39. Rd4 Ne5 40. Kg2 Re8 41. Bb3 Kg5 42. Rxd6 Kf6 43. h4 Ke7 44. Rd5 Kxe6 45. Rd8+ Ke7 46. Rxe8+ Kxe8 47. Kg3 Ke7 48. Kf4 Kf6 49. Ke4 b6 50. Bd1 Nc4 51. a4 Ke7 52. Kd4 Nd6 53. Kd5 Nf5 54. Kc6 Nd4+ 55. Kb7 b5 56. a5 Kd6 57. Kxa7 Nc6+ 58. Kb6 Nxb4 59. Bf3 1-0

[Event "Deutschland"]
[Site "?"]
[Date "1993.??.??"]
[Round "?"]
[White "Dautov, R."]
[Black "Kupreichik, V."]
[Result "1-0"]
[WhiteElo "2625"]
[BlackElo "2535"]
[PlyCount "89"]
[EventDate "1993.??.??"]
[Source "ChessBase"]
[SourceDate "1994.02.01"]

1. d4 Nf6 2. c4 g6 3. Nf3 Bg7 4. g3 d6 5. Bg2 O-O 6. Nc3 Nc6 7. O-O e5 8. d5 Ne7 9. b4 Ne8 10. e4 f5 11. Ng5 h6 12. Ne6 Bxe6 13. dxe6 fxe4 14. b5 a6 15. bxa6 Rxa6 16. Rb1 b6 17. Bxe4 Nf6 18. Bg2 c6 19. Qd3 Ra8 20. f4 exf4 21. Bxf4 Ng4 22. a4 g5 23. Bxd6 Rxf1+ 24. Rxf1 Ne5 25. Qd1 Nxc4 26. Bxe7 Qxe7 27. Qd7 Qxd7 28. exd7 Ne5 29. Rb1 Rd8 30. Rxb6 Ng4 31. Rxc6 Bd4+ 32. Kf1 Rxd7 33. Nd5 Rf7+ 34. Ke1 Nxh2 35. Rxh6 Bf2+ 36. Ke2 Bxg3 37. Be4 Ng4 38. Rg6+ Rg7 39. Ne7+ Kf7 40. Rxg7+ Kxg7 41. Nf5+ Kf6 42. Nxg3 Ke5 43. a5 Nf6 44. a6 Nd7 45. a7 1-0

[Event "George Marx mem 2nd"]
[Site "Paks"]
[Date "2004.06.08"]
[Round "4"]
[White "Berkes, Ferenc"]
[Black "Nevednichy, Vladislav"]
[Result "1-0"]
[WhiteElo "2613"]
[BlackElo "2544"]
[PlyCount "123"]
[EventDate "2004.05.05"]
[SourceDate "2004.06.16"]

1. d4 Nf6 2. c4 g6 3. g3 Bg7 4. Bg2 O-O 5. Nc3 d6 6. Nf3 Nc6 7. O-O Rb8 8. Qd3 Bf5 9. e4 Bg4 10. Be3 Nd7 11. Nd2 e5 12. d5 Nd4 13. f3 Nc5 14. Qb1 Bd7 15. b4 Na6 16. a3 c5 17. dxc6 bxc6 18. Qd3 Nc7 19. Rab1 a5 20. Ne2 Nce6 21. Bxd4 Nxd4 22. Nxd4 exd4 23. f4 axb4 24. axb4 d5 25. c5 Re8 26. Rfe1 dxe4 27. Bxe4 h5 28. Kf2 g5 29. fxg5 Qxg5 30. Nf3 Qg4 31. b5 Kf8 32. bxc6 Rxb1 33. Qxb1 Bc8 34. Qb8 Bf6 35. Qd6+ Kg7 36. Bf5 Qxf5 37. Rxe8 Qc2+ 38. Re2 Qc3 39. Ne5 d3 40. Qxd3 Qxc5+ 41. Qe3 Qd5 42. Qe4 Qc5+ 43. Kg2 Qd6 44. Nxf7 Qd1 45. Ne5 Bf5 46. Qe3 Be6 47. Nf3 Bd5 48. Rd2 Bxf3+ 49. Kf2 Qxd2+ 50. Qxd2 Bxc6 51. Qd6 Be8 52. Ke3 Bf7 53. Kf4 Kg6 54. h4 Kg7 55. Qd7 Bb2 56. Kf5 Kg8 57. Qe7 Bg7 58. Qc7 Ba1 59. g4 hxg4 60. Kxg4 Bf6 61. Kf5 Bxh4 62. Qe5 1-0

[Event "BRD"]
[Site "?"]
[Date "1991.??.??"]
[Round "?"]
[White "Dautov, R."]
[Black "Wahls, M."]
[Result "1-0"]
[WhiteElo "2595"]
[BlackElo "2560"]
[PlyCount "77"]
[EventDate "1991.??.??"]
[Source "ChessBase"]
[SourceDate "1991.10.01"]

1. d4 Nf6 2. c4 g6 3. Nf3 Bg7 4. g3 O-O 5. Bg2 d6 6. O-O Nc6 7. Nc3 Bf5 8. Ne1 Qc8 9. e4 Bh3 10. f4 Bxg2 11. Kxg2 e5 12. d5 Nd4 13. fxe5 dxe5 14. Bg5 Nd7 15. Qd2 Re8 16. Nf3 c6 17. Bh6 Bxh6 18. Qxh6 f6 19. Rad1 c5 20. h4 Qc7 21. h5 Nf8 22. Nh2 Qg7 23. Qxg7+ Kxg7 24. h6+ Kf7 25. Ng4 Nd7 26. Rf2 Rf8 27. Rdf1 Ke7 28. d6+ Ke6 29. Nd5 f5 30. Nc7+ Kxd6 31. Nxa8 Rxa8 32. exf5 gxf5 33. Ne3 f4 34. gxf4 Rg8+ 35. Kh3 Rg6 36. fxe5+ Kxe5 37. Ng4+ Kd6 38. Rf7 Ne6 39. Rxd7+ 1-0

[Event "Panormo 83/548"]
[Site "?"]
[Date "2001.??.??"]
[Round "?"]
[White "Grabarczyk, M."]
[Black "Bologan, V."]
[Result "1-0"]
[WhiteElo "2499"]
[BlackElo "2655"]
[PlyCount "67"]
[EventDate "2001.??.??"]
[Source "Chess Informant"]
[SourceDate "2001.10.01"]

1. d4 Nf6 2. c4 g6 3. g3 Bg7 4. Bg2 O-O 5. Nf3 d6 6. Nc3 c6 7. O-O Na6 8. e4 e5 9. h3 Qb6 10. Rb1 exd4 11. Nxd4 Nxe4 12. Nxe4 Bxd4 13. b4 Bf5 14. c5 dxc5 15. bxc5 Bxf2+ 16. Rxf2 Qxb1 17. Nf6+ Kh8 18. Qd2 Rg8 19. Kh2 Rg7 20. Qh6 g5 21. Bb2 Nxc5 22. Be5 Ne6 23. Nh5 Rag8 24. Nxg7 Nxg7 25. Rd2 Qb6 26. Bxg7+ Rxg7 27. Qf6 Be6 28. Rd8+ Qxd8 29. Qxd8+ Rg8 30. Qf6+ Rg7 31. a3 h5 32. Be4 a5 33. Qe7 Rg8 34. Qxb7 1-0

[Event "EUCup 17th"]
[Site "Panormo"]
[Date "2001.09.29"]
[Round "7"]
[White "Grabarczyk, Miroslaw"]
[Black "Bologan, Viktor"]
[Result "1-0"]
[WhiteElo "2499"]
[BlackElo "2655"]
[PlyCount "67"]
[EventDate "2001.09.22"]
[Source "ChessBase"]
[SourceDate "2001.10.26"]

1. d4 Nf6 2. c4 g6 3. g3 Bg7 4. Bg2 O-O 5. Nc3 d6 6. Nf3 c6 7. O-O Na6 8. e4 e5 9. h3 Qb6 10. Rb1 exd4 11. Nxd4 Nxe4 12. Nxe4 Bxd4 13. b4 Bf5 14. c5 dxc5 15. bxc5 Bxf2+ 16. Rxf2 Qxb1 17. Nf6+ Kh8 18. Qd2 Rg8 19. Kh2 Rg7 20. Bb2 Nxc5 21. Qh6 g5 22. Be5 Ne6 23. Nh5 Rag8 24. Nxg7 Nxg7 25. Rd2 Qb6 26. Bxg7+ Rxg7 27. Qf6 Be6 28. Rd8+ Qxd8 29. Qxd8+ Rg8 30. Qf6+ Rg7 31. a3 h6 32. Be4 a5 33. Qe7 Rg8 34. Qxb7 1-0

[Event "Solin 7th"]
[Site "Solin"]
[Date "1999.12.14"]
[Round "2"]
[White "Kurajica, Bojan"]
[Black "Kozul, Zdenko"]
[Result "1/2-1/2"]
[WhiteElo "2541"]
[BlackElo "2612"]
[PlyCount "92"]
[EventDate "1999.12.10"]
[Source "ChessBase"]
[SourceDate "2000.04.05"]

1. d4 Nf6 2. Nf3 g6 3. g3 Bg7 4. Bg2 O-O 5. c4 d6 6. O-O c6 7. Nc3 Qb6 8. b3 Re8 9. Bb2 Qa5 10. e4 Bg4 11. Qd3 Bxf3 12. Qxf3 Nfd7 13. Rfd1 c5 14. d5 Na6 15. Bh3 Rad8 16. a3 Nc7 17. Rdb1 a6 18. Nd1 Bxb2 19. Nxb2 b5 20. Bxd7 Rxd7 21. e5 dxe5 22. Nd3 e4 23. Qxe4 bxc4 24. bxc4 e6 25. Ne5 exd5 26. Qf4 Ne6 27. Qf6 Qd8 28. Ng4 Kf8 29. cxd5 Ng7 30. Qc6 Rd6 31. Qxc5 h5 32. Ne3 Kg8 33. Rb7 Qf6 34. Rab1 Rdd8 35. Qc7 Rf8 36. R1b6 Qd4 37. Rb8 Rde8 38. Rxe8 Nxe8 39. Qc6 Kg7 40. Rb4 Qa1+ 41. Kg2 Qxa3 42. Rb6 Qd3 43. Rxa6 Qe4+ 44. Kg1 Qb1+ 45. Nf1 Qd1 46. Qd7 Qg4 1/2-1/2